|
|
|
|
| LEADER |
01222nam a2200277 a 4500 |
| 001 |
13780559 |
| 008 |
090617s2003 it a b 000 0ceng d |
| 999 |
|
|
|c 1473
|d 1473
|
| 010 |
|
|
|a 2004624526
|
| 020 |
|
|
|a 8884914205 (pbk.)
|
| 040 |
|
|
|a DLC
|c DLC
|d DLC
|
| 082 |
0 |
0 |
|a 712
|2 21
|
| 100 |
1 |
|
|a Nicolin, Pierluigi.
|9 25268
|
| 240 |
1 |
0 |
|a Dizionario dei nuovi paesaggisti.
|l English
|
| 245 |
1 |
0 |
|a Dictionary of today's landscape designers /
|c Pierluigi Nicolin, Francesco Repishti.
|
| 260 |
|
|
|a Milano, Italy :
|b Skira :
|a New York :
|b Distributed in North America and Latin America by Rizzoli International Publications through St. Martin's Press,
|c 2003.
|
| 300 |
|
|
|a 347 pages :
|b illustrations (chiefly color) ;
|c 22 cm.
|
| 504 |
|
|
|a Includes bibliographical references.
|
| 526 |
|
|
|a ARC
|
| 541 |
1 |
|
|e 00015311
|
| 650 |
|
0 |
|a Landscape architects
|v Biography
|v Dictionaries.
|9 25269
|
| 650 |
|
0 |
|a Landscape architecture
|v Dictionaries.
|9 25270
|
| 700 |
1 |
|
|a Repishti, Francesco.
|9 25271
|
| 852 |
4 |
|
|a Ayesha Abed Library
|j General shelf
|
| 942 |
|
|
|2 ddc
|c BK
|
| 952 |
|
|
|0 0
|1 4
|2 ddc
|4 0
|6 712_000000000000000_NIC
|7 0
|9 1352
|a BRACUL
|b BRACUL
|c GEN
|d 2009-06-28
|l 1
|o 712 NIC
|p 3010015311
|r 2010-06-07
|s 2010-05-26
|t 1
|w 2009-06-28
|y BK
|x Koha Inventory 2020
|